Placez les départements français sur une carte sans frontières - Mort subite - Statistiques

Statistiques générales
  • Ce quiz a été pris 94 232 fois
  • Le résultat moyen est 14 sur 101
Réponses sur la Carte
Les réponses sont colorées sur une échelle allant du rouge au vert en fonction du pourcentage des utilisateurs qui les ont devinées à leur premier essai. Vous pouvez retrouver ces pourcentages ci-dessous.
 
Statistiques - réponses
Départements % Correct
Martinique
76%
Moselle
50%
Ardennes
42%
Somme
41%
Landes
32%
Mayotte
32%
Alpes-de-Haute-Provence
29%
Manche
29%
Gers
27%
La Réunion
27%
Guadeloupe
25%
Haut-Rhin
25%
Côtes-d'Armor
24%
Hérault
24%
Ille-et-Vilaine
24%
Savoie
24%
Aisne
22%
Deux-Sèvres
20%
Paris
20%
Finistère
19%
Haute-Corse
19%
Alpes-Maritimes
17%
Bas-Rhin
17%
Gironde
17%
Bouches-du-Rhône
16%
Calvados
16%
Hauts-de-Seine
16%
Pas-de-Calais
16%
Pyrénées-Atlantiques
16%
Seine-et-Marne
16%
Nord
15%
Vendée
15%
Charente-Maritime
14%
Corse-du-Sud
14%
Guyane
14%
Hautes-Alpes
14%
Morbihan
14%
Oise
14%
Pyrénées-Orientales
14%
Yvelines
14%
Haute-Savoie
13%
Loire-Atlantique
13%
Seine-Maritime
13%
Val-d'Oise
13%
Var
13%
Aude
12%
Maine-et-Loire
12%
Ariège
11%
Aveyron
11%
Essonne
11%
Eure
11%
Hautes-Pyrénées
11%
Isère
11%
Meurthe-et-Moselle
11%
Vosges
11%
Ain
10%
Charente
10%
Doubs
10%
Lot
10%
Marne
10%
Mayenne
10%
Meuse
10%
Orne
10%
Seine-Saint-Denis
10%
Territoire de Belfort
10%
Ardèche
9%
Drôme
9%
Eure-et-Loir
9%
Gard
9%
Val-de-Marne
9%
Vaucluse
9%
Dordogne
8%
Jura
8%
Sarthe
8%
Aube
7%
Haute-Garonne
7%
Lozère
7%
Rhône (et métropole de Lyon)
7%
Côte-d'Or
6%
Loiret
6%
Haute-Loire
5%
Haute-Marne
5%
Haute-Saône
5%
Loire
5%
Lot-et-Garonne
5%
Nièvre
5%
Saône-et-Loire
5%
Tarn
5%
Vienne
5%
Yonne
5%
Allier
4%
Cantal
4%
Haute-Vienne
4%
Puy-de-Dôme
4%
Tarn-et-Garonne
4%
Cher
3%
Corrèze
3%
Creuse
3%
Indre
3%
Indre-et-Loire
3%
Loir-et-Cher
3%
Aucun quiz correspondant
Distribution des résultats
% des personnes avec chaque résultat
Percentile par nombre de réponses
Votre historique - résultats
Vous n’avez pas pris ce quiz